| 000 | 00622cam a22002171 4500 | ||
|---|---|---|---|
| 001 | sa 66006465 | ||
| 003 | DLC | ||
| 005 | 20260227112256.0 | ||
| 008 | 840608s1959 xx a s s000 0 eng | ||
| 010 | _asa 66006465 | ||
| 035 | _a(OCoLC)21661289 | ||
| 040 |
_aDLC _cCU _dDLC |
||
| 042 | _apremarc | ||
| 043 | _aa-ii--- | ||
| 050 | 0 | 0 |
_aHA1728.M14 _bA4 |
| 110 | 1 |
_aMadhya Pradesh (India). _bDirectorate of Economics and Statistics. |
|
| 245 | 1 | 4 | _aThe story of Madhya Pradesh in charts & graphs. |
| 260 |
_a[Bhopal, _c1959] |
||
| 300 |
_a165 p. _billus. _c25 x 34 cm. |
||
| 651 | 0 |
_aMadhya Pradesh (India) _vStatistics. |
|
| 999 |
_c70534 _d70534 |
||